00540nam a2200193 a 4500001001300000003000900013005001700022008004100039020002300080082001500103100002000118245006700138260003100205300000900236500003500245505001900280650002700299700002000326nice12345678IN_TiNIC20260116013853.0050524s1967 newa grp 000 0 eng  a0385054 c28400a306.6bBER aBerger, Peter L aSacred Canopyb Elements of a Sociological Theory of Religion. aNew YorkbDoubleday c1967 a229p aincludes index and biblioraphy2 aSubject Index. aReligion and Sociology1 aBerger, Peter L